Musicians' Other Bands - Statistics

General Stats
  • This quiz has been taken 39 times
  • The average score is 8 of 21
Answer Stats
Year Hint Band % Correct
1994 After Nirvana ended, drummer Dave Grohl began this band as a one-man recording project. Foo Fighters
95%
1971 After the Beatles broke up, Paul McCartney formed this band with his wife Linda. Wings
85%
1983 After being fired from Metallica, Dave Mustaine formed this thrash metal band. Megadeth
69%
2001 Rage Against the Machine members joined Chris Cornell in this band. Audioslave
62%
1998 Blur’s Damon Albarn co-created this virtual band with artist Jamie Hewlett. Gorillaz
62%
1988 George Harrison helped assemble this star-packed supergroup. The Traveling Wilburys
56%
1970 After Cream and Blind Faith, Eric Clapton formed this blues-rock band. Derek and the Dominos
49%
1980 After the death of Joy Division’s lead singer, the remaining members continued under this new name. New Order
49%
1996 After Kyuss broke up, Josh Homme formed this desert rock band. Queens of the Stone Age
38%
1985 Genesis guitarist/bassist Mike Rutherford formed this side project. Mike + the Mechanics
36%
1990 Soundgarden’s Chris Cornell formed this tribute project with future Pearl Jam members. Temple of the Dog
33%
2002 Guns N’ Roses members joined STP singer Scott Weiland in this hard rock supergroup. Velvet Revolver
31%
2009 Dave Grohl, Josh Homme, and John Paul Jones (Led Zeppelin) formed this rock supergroup. Them Crooked Vultures
28%
1994 Members of Alice in Chains, Pearl Jam, and Screaming Trees formed this grunge-era supergroup. {Mad} Season
26%
2005 Jack White of the White Stripes co-founded this band with Brendan Benson. The Raconteurs
23%
1988 David Bowie traded solo superstardom for this hard rock band. {Tin} Machine
23%
1989 Pixies bassist Kim Deal co-founded this band with Tanya Donelly of Throwing Muses. The Breeders
21%
2020 Radiohead’s Thom Yorke and Jonny Greenwood formed this trio with drummer Tom Skinner. The {Smile}
21%
1992 Perry Farrell formed this band after Jane's Addiction broke up. Porno for Pyros
18%
1999 Tool's Maynard James Keenan joined this side project. A Perfect Circle
15%
2001 After the Smashing Pumpkins broke up, Billy Corgan formed this short-lived band. Z{wan}
8%
No matching quizzes found
Score Distribution
Percent of People with Each Score
Percentile by Number Answered
Your Score History
You have not taken this quiz